Prajem ti nádej v neistotách

Bibliographic Details
Other Authors: Šajgalová, Mária (Translator)
Format: Book
Language:Slovak
Czech
PhysicalDescription:58 nečíslovaných strán fotografie, ilustrácie 11 cm
Published: Uhřice Doron 2019
ISBN:9788072972814
Series:Prajem ti
Subjects:

MARC

LEADER 00000cam a2200000 4500
001 vtls012127926
003 SK-MaSNL
005 20260301055333.0
008 220321s2019 xr oa g 000 1 slo
015 |a SNBZSA2023/03 
020 |a 9788072972814  |q (viazané) 
040 |a SNK  |b slo  |c SNK  |e rda 
041 1 |a slo  |h cze 
044 |a xr  |c CZ 
072 7 |a 821-1/-8  |x Literatúra rôznych foriem a žánrov  |2 konspekt 
080 |a (0:82-84)  |2 2011 
245 0 0 |a Prajem ti nádej v neistotách  |c preklad: Mária Šajgalová 
264 1 |a Uhřice  |b Doron  |c 2019 
300 |a 58 nečíslovaných strán  |b fotografie, ilustrácie  |c 11 cm 
336 |a text  |b txt  |2 rdacontent 
336 |a statický obraz  |b sti  |2 rdacontent 
337 |a bez média  |b n  |2 rdamedia 
338 |a zväzok  |b nc  |2 rdacarrier 
490 1 |a Prajem ti 
500 |a Preložené pravdepodobne z češtiny 
655 7 |a aforizmy  |2 SNKPH  |9 1250 
655 7 |a citáty  |2 SNKPH  |9 70419 
655 7 |a Aphorisms  |2 SNKPHeng  |9 297683 
655 7 |a Quotations  |2 SNKPHeng  |9 302733 
700 1 |a Šajgalová, Mária  |4 trl  |9 368785 
830 0 |a Prajem ti  |9 368786 
919 |a 978-80-7297-281-4 
954 |a beletria cudzojazyčná (svetová)  |2 lita 
958 |a ZS 
958 |a UP 
968 |b ČES 
999 |c 613103  |d 615033 
952 |a SNK  |b SNK  |y PREZ  |7 0  |p 17A1514988  |o snkSE 14131  |i snk2023/213  |8 4  |g 5.81  |0 0  |1 0  |4 0  |d 2022-03-21  |f 1  |l 0  |r 2026-02-23 16:29:26  |w 2026-02-23